| Поле | Название | Значение |
| |
Тип записи |
i |
| |
Библиографический уровень |
m |
| 001 |
Контрольный номер |
RU/IS/BASE/555520456 |
| 005 |
Дата корректировки |
20260602141240.8 |
| 010 |
Индекс ISBN |
__ |
| d |
Цена |
281-16 |
| 100 |
Данные общей обработки |
__ |
| a |
Данные общей обработки |
19150605d2014||||||| 0rusy0189 ca |
| 101 |
Язык документа |
1_ |
| a |
Язык текста |
rus |
| c |
Язык оригинала |
nnn |
| 102 |
Страна публикации |
__ |
| a |
Страна публикации |
RU| |
| 105 |
Кодированные данные (монография) |
__ |
| a |
Кодированные данные (монография) |
nn|||||||f|zy |
| 127 |
Кодированные данные (звукозаписи-физические характеристики) |
__ |
| a |
Продолжительность проигрывания |
10 ч 50 мин |
| 200 |
Заглавие и сведения об ответственности |
1_ |
| a |
Заглавие |
Дым и зеркала |
| e |
Сведения, относящиеся к заглавию |
[аудиокнига : 16+] |
| f |
Первые сведения об ответственности |
Нил Гейман ; [перевод Н. Иванова ; читает С. Сидоренко] |
| b |
Общее обозначение материала |
Звукозапись |
| 210 |
Выходные данные |
1_ |
| a |
Место издания |
Москва |
| c |
Издательство |
Аудиокнига |
| d |
Дата издания |
2014 |
| 215 |
Физическое описание |
__ |
| a |
Объем |
1 электрон. опт. диск (Audio CD) |
| c |
Иллюстрации/тип воспроизводства |
mp3 |
| d |
Формат |
12х14 см |
| 230 |
Специфическая характеристика материала: электронные ресурсы |
__ |
| a |
Обозначение и объем ресурса |
Электронные звуковые данные |
| 300 |
Общие примечания |
__ |
| a |
Общие примечания |
Заглавие с этикетки диска |
| 323 |
Примечание о главных создателях, исполнителях, участниках |
__ |
| a |
Примечание о главных создателях, исполнителях, участниках |
Сидоренко, С. (читает) |
| 330 |
Аннотация |
__ |
| a |
Аннотация |
Дым и зеркала... Кошмарные сны и странная, сюрреалистическая реальность, далеко эти сны превосходящая. Здесь в сэконд-хенде можно по сходной цене купить Святой Грааль... Здесь Черный Кот, из милости подобранный обитателями загородного дома, платит за их доброту весьма неожиданным способом. Здесь в лавкрафтовском городе Инсмуте веселый турист пьет горькую в компании жрецов Ктулху... Здесь борьба ангелов с демонами превращается в эстетское "дело об убийстве", вервольф становится частным детективом, а сказка о Белоснежке - стильной "готской прозой". Дым и зеркала меняют наш мир - и наше сознание... |
| 333 |
Примечание о целевом назначении |
__ |
| a |
Примечание о целевом назначении |
16+. Для детей старше 16 лет |
| 337 |
Примечание о системных требованиях (электронные ресурсы) |
__ |
| a |
Примечание о системных требованиях (электронные ресурсы) |
Системные требования: CD-плеер с поддержкой MP3 ; Pentium-233 с Windows 9x-XP ; CD-ROM ; звуковая карта |
| 606 |
Тематические рубрики |
__ |
| a |
Основная рубрика |
Художественная литература |
| 606 |
Тематические рубрики |
__ |
| a |
Основная рубрика |
Литература Европы (произведения) |
| y |
Географическая подрубрика |
США |
| 610 |
Ключевые слова |
0_ |
| a |
Ключевые слова |
английская литература |
| a |
Ключевые слова |
зарубежная литература |
| a |
Ключевые слова |
иностранная литература |
| a |
Ключевые слова |
рассказы |
| a |
Ключевые слова |
тема волшебства |
| a |
Ключевые слова |
тема воображений |
| a |
Ключевые слова |
тема готики |
| a |
Ключевые слова |
тема магии |
| a |
Ключевые слова |
тема мистики |
| a |
Ключевые слова |
тема приключений |
| a |
Ключевые слова |
тема реальности |
| a |
Ключевые слова |
тема секса |
| a |
Ключевые слова |
тема фантастики |
| a |
Ключевые слова |
тема юмора |
| a |
Ключевые слова |
фантастическая литература |
| a |
Ключевые слова |
фэнтези |
| a |
Ключевые слова |
фэнтези |
| 686 |
Индексы других классификаций |
__ |
| 2 |
Код системы |
rubbks |
| a |
Классификационный индекс |
84(4Вел)6-445я04 |
| 700 |
Автор |
_1 |
| a |
Фамилия |
Гейман |
| b |
Имя |
Н. |
| f |
Даты |
1960- |
| g |
Полное личное имя |
Нил |
| 4 |
Код отношения |
070 |
| 702 |
Вторичная интеллектуальная ответственность |
_1 |
| a |
Фамилия |
Иванов |
| b |
Имя |
Н. |
| 4 |
Код отношения |
Переводчик |
| 4 |
Код отношения |
730 |
| 801 |
Источник записи |
_0 |
| a |
Страна |
RU |
| b |
Организация |
Муниципальное бюджетное учреждение культуры "Централизованная библиотечная система" г. Сургут (Центральная городская библиотека им. А. С. Пушкина) |
| c |
Дата составления |
20150605 |
| g |
Правила каталогизации |
КиК/Апакова |
| 801 |
Источник записи |
_1 |
| a |
Страна |
RU |
| b |
Организация |
Муниципальное бюджетное учреждение культуры "Централизованная библиотечная система" г. Сургут (Центральная городская библиотека им. А. С. Пушкина) |
| c |
Дата составления |
20150605 |
| g |
Правила каталогизации |
КиК/Апакова |
| 852 |
Данные о местонахождении |
__ |
| j |
Шифр хранения |
84(4Вел)6-445я04 |
| i |
Авторский знак |
Г 29 |
| 901 |
Тип документа |
__ |
| t |
Тип документа |
0 |
| 903 |
Характеристики (МАРС) |
__ |
| a |
Дата передачи |
20170808 |
| 969 |
Тип издания |
__ |
| a |
Тип издания |
аудиокнига; издание для слепых |
| 990 |
Данные о заказе (DOS) |
__ |
| j |
Количество экземпляров (DOS) |
3 |
| t |
N записи в КСУ для И/У (DOS) |
201708 |
| 996 |
Контроль за деятельностью лиц, находящихся под иностранным влиянием |
__ |
| b |
Текстовое указание |
Содержит информацию о наркотических или психотропных веществах, употребление которых опасно для здоровья. Их незаконный оборот влечет уголовную ответственность (18+) |